| 000 | 005120000a22002290004500 | ||
|---|---|---|---|
| 650 | _aDemocracy | ||
| 650 | _aHuman rights | ||
| 650 | _aPolitical parties | ||
| 650 | _aSocialism | ||
| 015 | _aNNB | ||
| 082 |
_aN321.4 _bM992p |
||
| 518 | _a20080114 | ||
| 530 | _aM | ||
| 100 | _aMayar, Thomas | ||
| 100 | _aHumagain, Ram, anu. | ||
| 245 | _aPrajatantra; prajatantrik abhyas; ek parichaya | ||
| 260 |
_aKathmandu _bFES, Nepal |
||
| 260 | _c2006 | ||
| 300 | _a72p. | ||
| 041 | _aNep | ||
| 942 | _cGEN | ||
| 999 |
_c43431 _d43431 |
||